Central Library OPAC University of Rajshahi

ফিরিঙ্গি বণিক / (Record no. 80092)

MARC details
000 -LEADER
fixed length control field 00896nam a2200229 a 4500
001 - CONTROL NUMBER
control field 80092
003 - CONTROL NUMBER IDENTIFIER
rucl marc code BD-RjUL
005 - DATE AND TIME OF LATEST TRANSACTION
control field 20220705163220.0
008 - FIXED-LENGTH DATA ELEMENTS--GENERAL INFORMATION
fixed length control field 220705s2020 |||||||| |||| 00| 0 ben d
020 ## - INTERNATIONAL STANDARD BOOK NUMBER
International Standard Book Number 9847000003249
035 ## - SYSTEM CONTROL NUMBER
System control number (BD-RjUL)80092
040 ## - CATALOGING SOURCE
Original cataloging agency BD-RjUL
Language of cataloging eng
Transcribing agency BD-RjUL
041 ## - LANGUAGE CODE
Language code of text/sound track or separate title ben
082 ## - DEWEY DECIMAL CLASSIFICATION NUMBER
Edition number 23
Classification number 954.03
Author mark and year MOF 2020
100 ## - MAIN ENTRY--PERSONAL NAME
Personal name মৈত্রয়, অক্ষয়কুমার
9 (RLIN) 4025
245 ## - TITLE STATEMENT
Title ফিরিঙ্গি বণিক /
Statement of responsibility, etc. অক্ষয়কুমার মৈত্রয় ; সম্পাদদনা ও ভূমিকা শেখ মাসুম কামাল
260 ## - PUBLICATION, DISTRIBUTION, ETC. (IMPRINT)
Place of publication, distribution, etc. ঢাকা :
Name of publisher, distributor, etc. জাতীয় সাহিত্য প্রকাশ,
Date of publication, distribution, etc. ২০২০
650 ## - SUBJECT ADDED ENTRY--TOPICAL TERM
Topical term or geographic name as entry element ভারত
General subdivision ইতিহাস
Topical term or geographic name as entry element India
General subdivision History
700 ## - ADDED ENTRY--PERSONAL NAME
Personal name কামাল, শেখ মাসুম
942 ## - ADDED ENTRY ELEMENTS (KOHA)
Source of classification or shelving scheme Dewey Decimal Classification
Koha item type Books
Holdings
Lost status Source of classification or shelving scheme Damaged status Not for loan Collection code Permanent Location Current Location Shelving location Date acquired Source of acquisition Cost, normal purchase price Total Checkouts Full call number Date last seen Copy number Koha item type Date checked out
  Dewey Decimal Classification   Not For Loan Non-fiction Central Library, University of Rajshahi Central Library, University of Rajshahi Reading Room 05/07/2022 Jatiya Sahitya Prakash, Dhaka 168.00   B 954.03 MOF 2020 05/07/2022 C-1 Books  
  Dewey Decimal Classification     Non-fiction Central Library, University of Rajshahi Central Library, University of Rajshahi General Stacks 05/07/2022 Jatiya Sahitya Prakash, Dhaka 168.00 2 B 954.03 MOF 2020 06/11/2024 C-2 Books 05/11/2024